<?xml version="1.0" encoding="UTF-8"?><?xml-stylesheet type="text/xsl" href="static/style.xsl"?><OAI-PMH xmlns="http://www.openarchives.org/OAI/2.0/" xmlns:xsi="http://www.w3.org/2001/XMLSchema-instance" xsi:schemaLocation="http://www.openarchives.org/OAI/2.0/ http://www.openarchives.org/OAI/2.0/OAI-PMH.xsd"><responseDate>2026-04-19T11:40:26Z</responseDate><request verb="GetRecord" identifier="oai:www.recercat.cat:2117/184082" metadataPrefix="marc">https://recercat.cat/oai/request</request><GetRecord><record><header><identifier>oai:recercat.cat:2117/184082</identifier><datestamp>2026-02-24T02:51:30Z</datestamp><setSpec>com_2072_1033</setSpec><setSpec>col_2072_452951</setSpec></header><metadata><record xmlns="http://www.loc.gov/MARC21/slim" xmlns:dcterms="http://purl.org/dc/terms/" xmlns:xsi="http://www.w3.org/2001/XMLSchema-instance" xmlns:doc="http://www.lyncode.com/xoai" xsi:schemaLocation="http://www.loc.gov/MARC21/slim http://www.loc.gov/standards/marcxml/schema/MARC21slim.xsd">
   <leader>00925njm 22002777a 4500</leader>
   <datafield ind2=" " ind1=" " tag="042">
      <subfield code="a">dc</subfield>
   </datafield>
   <datafield ind2=" " ind1=" " tag="720">
      <subfield code="a">Prieto Seró, Roger</subfield>
      <subfield code="e">author</subfield>
   </datafield>
   <datafield ind2=" " ind1=" " tag="260">
      <subfield code="c">2019-10-03</subfield>
   </datafield>
   <datafield ind2=" " ind1=" " tag="520">
      <subfield code="a">The present research aims to investigate the current state of the Facility Management (FM) Market in Spain and observe its evolution in recent years. This study also plans to analyse the state of the art of the sector, and determine the added value of FM and the parameters influencing the magnitude. These objectives will be achieved by applying scientific models and methods. The study is included in a large-scale project carried out by the Technical University of Vienna (TU Wien). The university has managed FM demand-side studies on a yearly basis in different European countries such as Austria, Germany, Switzerland, Spain, Bulgaria, Romania or Turkey. The study deals with the data analysis extracted from a survey about the FM Market made to the Top 500 companies in Spain (in sales driven ranking).</subfield>
   </datafield>
   <datafield ind2=" " ind1=" " tag="520">
      <subfield code="a">Outgoing</subfield>
   </datafield>
   <datafield tag="653" ind2=" " ind1=" ">
      <subfield code="a">Àrees temàtiques de la UPC::Economia i organització d'empreses</subfield>
   </datafield>
   <datafield tag="653" ind2=" " ind1=" ">
      <subfield code="a">Industrial management</subfield>
   </datafield>
   <datafield tag="653" ind2=" " ind1=" ">
      <subfield code="a">Facility management, Spain, Mixed Methods Approach, Added value, Outsourcing, New ways of working</subfield>
   </datafield>
   <datafield tag="653" ind2=" " ind1=" ">
      <subfield code="a">Empreses -- Direcció i administració</subfield>
   </datafield>
   <datafield ind2="0" ind1="0" tag="245">
      <subfield code="a">The development of the Spanish facility management market in comparison to other european countries</subfield>
   </datafield>
</record></metadata></record></GetRecord></OAI-PMH>